Bienvenue à la Médiathèque de Saint-Andiol
banniere
Accueil Recherche avancée Mon compte
handi1 Rechercher dans le catalogue

Filtre   Mots-clés
  Recherche avancée
 
Lister les dernières nouveautés
 
Lister les livres GROS CARACTERES
 
Lister les périodiques (magazines)

handi1 Histoire (L') [ 543 ]

Book Cover
Titre : Histoire (L') [ 543 ]
Support : Livres
Langue : Francais
Publié : 2023 Société d'Editions Scientifiques Paris
Genre : Revues et magazines
Sujets :
Étiquettes :
Pas de tags
LEADER 00717nas0a2200217 450
001 16868216
011 |b Br.  |d 6,9 € 
100 |a 20260429d2023 u u0frey01 ba 
101 1 |a fre  |c fre 
102 |a FR 
110 0 |a afu 0uu0 
200 0 |a Histoire (L') [ 543 ]  |f Stéphane Khémis 
207 1 |a  543 
210 |a Paris  |b 74 Ave du Maine  |c Société d'Editions Scientifiques  |d 2023 
215 |a 98 p.  |c couv. et ill. coul.  |d 28 cm 
464 |a Louis XI, roi sage ou fou ? 
464 |a Espagne 1936, laboratoire de la seconde guerre mondiale 
676 |a 070.17 
900 |a Revues et magazines 
901 |a Adultes 
995 |a Médiathèque  |c Médiathèque  |f 089021843  |h 089021843  |k 070.17 HIS 543  |o p  |q j  |r az  |e Médiathèque